<?xml version="1.0" encoding="UTF-8"?>
<record
    xmlns:xsi="http://www.w3.org/2001/XMLSchema-instance"
    xsi:schemaLocation="http://www.loc.gov/MARC21/slim http://www.loc.gov/standards/marcxml/schema/MARC21slim.xsd"
    xmlns="http://www.loc.gov/MARC21/slim">

  <leader>00651nam a22001937a 4500</leader>
  <datafield tag="999" ind1=" " ind2=" ">
    <subfield code="c">179518</subfield>
    <subfield code="d">179518</subfield>
  </datafield>
  <controlfield tag="005">20210630115816.0</controlfield>
  <datafield tag="010" ind1=" " ind2=" ">
    <subfield code="a">UR-11147</subfield>
  </datafield>
  <datafield tag="020" ind1=" " ind2=" ">
    <subfield code="c">100.00</subfield>
    <subfield code="a">-</subfield>
  </datafield>
  <datafield tag="035" ind1=" " ind2=" ">
    <subfield code="a">U-9701</subfield>
  </datafield>
  <datafield tag="037" ind1=" " ind2=" ">
    <subfield code="b">DBAD/PUB</subfield>
  </datafield>
  <datafield tag="082" ind1=" " ind2=" ">
    <subfield code="a">440.9</subfield>
  </datafield>
  <datafield tag="100" ind1=" " ind2=" ">
    <subfield code="a">&#x645;&#x631; &#x632; &#x627; &#x645;&#x631; &#x62A;&#x636;&#x6CC; &#x627; &#x642;&#x628;&#x627; &#x644; </subfield>
  </datafield>
  <datafield tag="245" ind1=" " ind2=" ">
    <subfield code="a">&#x622; &#x621;&#x64A;&#x646;&#x6C1; &#x627; &#x631; &#x62F; &#x648; &#x635;&#x62D;&#x627; &#x641;&#x62A; </subfield>
    <subfield code="c">&#x645;&#x631; &#x632; &#x627; &#x645;&#x631; &#x62A;&#x636;&#x6CC; &#x627; &#x642;&#x628;&#x627; &#x644; </subfield>
  </datafield>
  <datafield tag="246" ind1=" " ind2=" ">
    <subfield code="a">Ayyna-e-Urdu Sahafat (Urdu)</subfield>
    <subfield code="b">by Mirza Murtaza Iqbal </subfield>
  </datafield>
  <datafield tag="260" ind1=" " ind2=" ">
    <subfield code="a">Muradabad</subfield>
    <subfield code="c">2020 &#x621;</subfield>
    <subfield code="b">Mirza Murtaza Iqbal</subfield>
  </datafield>
  <datafield tag="270" ind1=" " ind2=" ">
    <subfield code="a">Jayyed Press, Sambhali Gate,</subfield>
    <subfield code="b">Muradabad(U.P.)</subfield>
    <subfield code="e">244001</subfield>
    <subfield code="l">-</subfield>
  </datafield>
  <datafield tag="300" ind1=" " ind2=" ">
    <subfield code="a">168+168 &#x635; </subfield>
    <subfield code="c">22 Cm(Hb)</subfield>
  </datafield>
  <datafield tag="942" ind1=" " ind2=" ">
    <subfield code="2">ddc</subfield>
    <subfield code="c">UR</subfield>
    <subfield code="h">440.9</subfield>
    <subfield code="m">&#x635; &#x62D; &#x627; </subfield>
  </datafield>
  <datafield tag="952" ind1=" " ind2=" ">
    <subfield code="0">0</subfield>
    <subfield code="1">0</subfield>
    <subfield code="4">0</subfield>
    <subfield code="7">0</subfield>
    <subfield code="8">NFIC</subfield>
    <subfield code="a">DBAD</subfield>
    <subfield code="b">L</subfield>
    <subfield code="d">2021-06-17</subfield>
    <subfield code="e">DBAD/PUB</subfield>
    <subfield code="g">100.00</subfield>
    <subfield code="l">0</subfield>
    <subfield code="o">440.9 &#x635; &#x62D; &#x627;</subfield>
    <subfield code="p">U-9702</subfield>
    <subfield code="r">2021-06-17 00:00:00</subfield>
    <subfield code="t">1</subfield>
    <subfield code="v">100.00</subfield>
    <subfield code="w">2021-06-17</subfield>
    <subfield code="y">UR</subfield>
  </datafield>
</record>
